000 00314nam a2200133Ia 4500
003 OSt
005 20240319112358.0
008 170524s9999 xx 000 0 und d
020 _a978-0333930694
040 _cIIMT UNIVERSITY
100 _aJAIN P K
245 0 _aINTERNATIONAL FINANCIAL MANAGEMENT
942 _2ddc
_c02
999 _c9988
_d9988